Basic Electronics Systems Technology : (Record no. 592474)
[ view plain ]
| 000 -LEADER | |
|---|---|
| fixed length control field | 00521nam a22001577a 4500 |
| 003 - CONTROL NUMBER IDENTIFIER | |
| control field | NUST |
| 005 - DATE AND TIME OF LATEST TRANSACTION | |
| control field | 20221124121840.0 |
| 082 ## - DEWEY DECIMAL CLASSIFICATION NUMBER | |
| Classification number | 621.38132,DUG |
| 100 ## - MAIN ENTRY--PERSONAL NAME | |
| Personal name | Dugger, William |
| 9 (RLIN) | 101376 |
| 245 ## - TITLE STATEMENT | |
| Title | Basic Electronics Systems Technology : |
| Remainder of title | Measurement and control Unit-6 / |
| Statement of responsibility, etc. | William Dugger |
| 260 ## - PUBLICATION, DISTRIBUTION, ETC. | |
| Place of publication, distribution, etc. | BRUCE Hills |
| Name of publisher, distributor, etc. | USA |
| Date of publication, distribution, etc. | 1973 |
| 300 ## - PHYSICAL DESCRIPTION | |
| Extent | 113 p |
| 505 ## - FORMATTED CONTENTS NOTE | |
| Formatted contents note | Measurement (Page-1), Control (Page-24), Remote control (Page-68), Applications (Page-81), |
| 650 ## - SUBJECT ADDED ENTRY--TOPICAL TERM | |
| Topical term or geographic name entry element | Telecommunication Engineering |
| 942 ## - ADDED ENTRY ELEMENTS (KOHA) | |
| Source of classification or shelving scheme | |
| Koha item type | Book |
| Withdrawn status | Lost status | Source of classification or shelving scheme | Damaged status | Not for loan | Permanent Location | Current Location | Shelving location | Date acquired | Total Checkouts | Full call number | Barcode | Date last seen | Price effective from | Koha item type | Public note |
|---|---|---|---|---|---|---|---|---|---|---|---|---|---|---|---|
| Military College of Signals (MCS) | Military College of Signals (MCS) | General Stacks | 11/24/2022 | 621.38132,DUG | MCS5462 | 11/24/2022 | 11/24/2022 | Book | Almirah No.32, Shelf No.3 |
